Možnosti využitia internetu v podnikoch cestovného ruchu bakalárska práca

Gespeichert in:
Bibliographische Detailangaben
1. Verfasser: Harisová, Lívia
Körperschaft: Obchodná fakulta EU. Katedra informatiky obchodných firiem
Weitere Verfasser: Retová, Janette
Format: Buch
Sprache:Slowakisch
Veröffentlicht: Bratislava 2010
Tags: Tag hinzufügen
Keine Tags, Fügen Sie das erste Tag hinzu!

MARC

LEADER 00000nam$a2200000$$$4500
001 0134682
005 20240320074308.4
041 0 |a slo 
044 |a SK 
245 1 0 |a Možnosti využitia internetu v podnikoch cestovného ruchu  |b bakalárska práca  |c Lívia Harisová ; školiteľ: Janette Retová 
264 1 |a Bratislava  |c 2010 
300 |a 40 s. 
100 1 |a Harisová, Lívia 
700 1 |a Retová, Janette 
710 2 |a Obchodná fakulta EU. Katedra informatiky obchodných firiem